Analyse sociolinguistique de la communication et didactique : application a un cours de langue De Vive Voix

Αποθηκεύτηκε σε:
Λεπτομέρειες βιβλιογραφικής εγγραφής
Κύριος συγγραφέας: Gschwind - Holtzer, Gisele
Μορφή: Βιβλίο
Γλώσσα:French
Δημοσίευση: Paris : Hatier - Gredid, c1981
Σειρά:Langues et apprentissage des langues
Θέματα:
Ετικέτες: Προσθήκη ετικέτας
Δεν υπάρχουν, Καταχωρήστε ετικέτα πρώτοι!

MARC

LEADER 00000nam a2200000 i 4500
001 1/10934
008 000907s1981 fre d
020 |a 2-218-05609-7 
035 |l 10063642 
040 |a GR-MY-UA  |b gre  |e aacr 
041 0 |a fre 
082 0 |a 306.44 
100 1 |a Gschwind - Holtzer, Gisele. 
245 1 0 |a Analyse sociolinguistique de la communication et didactique :  |b application a un cours de langue De Vive Voix /  |c Gisele Gschwind - Holtzer 
260 |a Paris :   |b Hatier - Gredid,   |c c1981 
300 |a 128 p.;  |c 21 cm 
490 1 |a Langues et apprentissage des langues 
650 0 0 |a Sociolinguistics. 
650 0 0 |a Interpersonal communication. 
650 0 0 |a Language and languages. 
830 0 |a Langues et apprentissage des langues 
852 |a INST  |b RHODES  |e 20000907  |h 306.44 GSC  |p 005400008624  |q 005400008624  |t BK  |y 0 
909 |a Ρ  |b 009883 
922 |a 4ΕΛΗ  |b 199806 
970 |z 2000/09/ΧΡΥΣΑΝΘΗ